El Libro de los Cerdos.
Guardat en:
| Autor principal: | |
|---|---|
| Format: | Desconegut |
| Idioma: | anglès |
| Publicat: |
Ciudad de México, México:
Fondo de Cultura Económica,
1991
|
| Edició: | Primera edición en español, Duodécima reimpresión. |
| Col·lecció: | Colección Los Especiales de A la orilla del viento.
|
| Matèries: | |
| Etiquetes: |
Afegir etiqueta
Sense etiquetes, Sigues el primer a etiquetar aquest registre!
|
MARC
| LEADER | 00000 a2200000 4500 | ||
|---|---|---|---|
| 003 | CL-VaPUC | ||
| 005 | 20230904154948.0 | ||
| 008 | 220223b1991 ||||| |||| 00| 0 eng d | ||
| 999 | |c 433942 |d 433940 | ||
| 020 | |a 978-9681636517 | ||
| 040 | |c Pontificia Universidad Católica de Valparaíso | ||
| 082 | |a 808.068 BRO 1991 |2 22 | ||
| 100 | |a Browne, Anthony |e autor |9 864151 | ||
| 245 | |a El Libro de los Cerdos. | ||
| 250 | |a Primera edición en español, Duodécima reimpresión. | ||
| 260 | |a Ciudad de México, México: |b Fondo de Cultura Económica, |c 1991 | ||
| 300 | |a 32 páginas; |b ilustraciones a color | ||
| 490 | |a Colección Los Especiales de A la orilla del viento. | ||
| 583 | |k Cristina María Rojas Aguilar |c 20220223 | ||
| 650 | 0 | |a Literatura infantil |9 307465 |x Cuentos | |
| 942 | |2 ddc |c BK | ||
| 952 | |0 0 |1 0 |2 ddc |4 0 |6 808_068000000000000_BRO_1991 |7 0 |8 A |9 580406 |a BIBEDU |b BIBEDU |c GEN |d 2022-01-11 |e 3 |g 16813.00 |i 5637236 |l 8 |m 3 |o 808.068 BRO 1991 |p 5637236 |r 2024-09-12 |s 2024-09-05 |t 1 |v 16813.00 |w 2022-01-11 |y BK |k LIT | ||
| 952 | |0 0 |1 0 |2 ddc |4 0 |6 808_068000000000000_BRO_1991 |7 0 |8 A |9 590435 |a BIBEDU |b BIBEDU |c GEN |d 2023-06-08 |e 3 |g 9288.00 |i 5657741 |l 5 |m 1 |o 808.068 BRO 1991 |p 5657741 |r 2025-04-15 |s 2025-04-08 |t 1 |v 9288.00 |w 2023-06-08 |y BK |k LIT | ||